000 00339 a2200157 4500
001 69081
020 _a8572081808
040 _cAnchieta - Itaigara
100 _aAlbergaria, Lino de
240 1 0 _aMaria Poliana
_lpor
245 1 0 _aMaria Poliana
300 _a71
362 0 _a1997
650 4 _aLiteratura infanto-juvenil
942 _cBK
999 _c69081
_d69081